[Event "Bern op"]
[Site "Bern"]
[Date "1993.??.??"]
[Round "6"]
[White "Wojtkiewicz, Aleksander"]
[Black "Ibragimov, Ildar"]
[Result "1-0"]
[WhiteElo "2580"]
[BlackElo "2540"]

1.Nf3 d5 2.c4 dxc4 3.e3 Nf6 4.Bxc4 e6 5.d4 c5 6.O-O a6 7.dxc5 Bxc5 8.Qxd8+ Kxd8
9.Nbd2 Nbd7 10.Be2 b6 11.Ng5 Ke8 12.Nge4 Be7 13.Nxf6+ gxf6 14.b3 Bb7 15.Bb2 Ne5
16.Rfd1 Rg8 17.g3 Rc8 18.Rac1 Rxc1 19.Rxc1 Bc5 20.b4 Bd6 21.f4 Ng4 22.Bf3 Bxf3
23.Rc8+ Ke7 24.Rxg8 Bd1 25.a3 Nxe3 26.Ne4 e5 27.Nxd6 Kxd6 28.Rd8+ Ke6 29.Bc1 exf4
30.Bxe3  1-0

[Event "Bojnice"]
[Site "Bojnice"]
[Date "1993.??.??"]
[Round "?"]
[White "Dobrotka, Martin"]
[Black "Priehoda, Vitezslav"]
[Result "0-1"]
[WhiteElo "2205"]
[BlackElo "2440"]

1.Nf3 d5 2.c4 d4 3.d3 g6 4.e4 Bg7 5.Be2 e5 6.Nbd2 Ne7 7.Rb1 a5 8.b3 c5 9.a3 Nec6
10.O-O O-O 11.Ne1 Na6 12.Bg4 f5 13.Bh3 Qe7 14.f4 exf4 15.Rxf4 Bh6 16.Rf1 Be3+
17.Kh1 fxe4 18.Rxf8+ Qxf8 19.Bxc8 Rxc8 20.Qe2 Bxd2 21.Bxd2 e3 22.Bc1 Qf2
23.Rb2 Rf8 24.Nf3 Qxe2 25.Rxe2 Ne5 26.Bxe3 dxe3 27.Rxe3 Nxf3 28.gxf3 Kf7
29.Re5 Re8  0-1

[Event "Brussels zt"]
[Site "Brussels"]
[Date "1993.??.??"]
[Round "8"]
[White "Hauchard, Arnaud"]
[Black "Sosonko, Gennadi"]
[Result "1/2-1/2"]
[WhiteElo "2450"]
[BlackElo "2535"]

1.Nf3 d5 2.c4 e6 3.g3 dxc4 4.Qa4+ Nd7 5.Qxc4 b6 6.Bg2 Bb7 7.O-O Ngf6 8.d4 c5
9.Nc3 a6 10.dxc5 Bxc5 11.Bf4 O-O 12.Ne5 b5 13.Qb3 Bxg2 14.Kxg2 Ra7 15.Rad1 Qa8+
16.Kg1 Rc8 17.Nxd7 Rxd7 18.Rxd7 Nxd7 19.Rc1 Bf8 20.Nd1 Rxc1 21.Bxc1 Nc5 22.Qc2  1/2-1/2

[Event "Bucharest TIT (Women)"]
[Site "Bucharest"]
[Date "1993.??.??"]
[Round "8"]
[White "Shumiakina, Tatiana"]
[Black "Cosma, Elena Luminita"]
[Result "1/2-1/2"]
[WhiteElo "2320"]
[BlackElo "2325"]

1.Nf3 d5 2.c4 e6 3.g3 Nf6 4.Bg2 d4 5.e3 c5 6.exd4 cxd4 7.O-O Nc6 8.d3 Be7
9.Re1 O-O 10.b3 a5 11.a3 Nd7 12.Nbd2 e5 13.Nf1 f5 14.Bd2 Re8 15.h3 h6 16.Qc2 Bf6
17.Rab1 Nf8 18.N3h2 e4 19.dxe4 d3 20.Qd1 Nd4 21.exf5 Ne2+ 22.Kh1 Bxf5 23.Ne3 Be4
24.Nhg4 h5 25.Nxf6+ Qxf6 26.Bxe4 Rxe4 27.Kg2 Ng6 28.Rxe2 dxe2 29.Qxe2 Qc6  1/2-1/2

[Event "Bucharest Caissa"]
[Site "Bucharest"]
[Date "1993.??.??"]
[Round "10"]
[White "Vadasz, Laszlo"]
[Black "Gyimesi, Zoltan"]
[Result "1/2-1/2"]
[WhiteElo "2360"]
[BlackElo "2395"]

1.Nf3 d5 2.c4 c6 3.cxd5 cxd5 4.d4 Nf6 5.Nc3 Nc6 6.Bf4 Bf5 7.e3 e6 8.Bd3 Bxd3
9.Qxd3 Bd6 10.Bxd6 Qxd6 11.O-O O-O 12.Rac1  1/2-1/2

[Event "Budapest FS09 IM-A"]
[Site "Budapest"]
[Date "1993.??.??"]
[Round "?"]
[White "Bersutzki, Gregory"]
[Black "Collas, Didier"]
[Result "1/2-1/2"]
[WhiteElo "2175"]
[BlackElo "2260"]

1.Nf3 d5 2.c4 c6 3.b3 Bf5 4.g3 h6 5.Bg2 e6 6.O-O Nf6 7.Bb2 Be7 8.d3 O-O 9.Na3 Nbd7
10.Nc2 a5 11.a3 Bh7 12.Ne3 b5 13.h3 Qb6 14.cxd5 cxd5 15.Ng4 Rfc8 16.Qd2 Nxg4
17.hxg4 Nc5 18.Bd4 Qd8 19.Qb2 f6 20.Rfc1 a4 21.Bxc5 Bxc5 22.b4 Ba7 23.Rxc8 Rxc8
24.Rc1 Bg6 25.Rc2 Be8 26.Qc1 Bd7 27.Rxc8 Qxc8 28.Qxc8+ Bxc8 29.d4 Kf7 30.e3 Ke7
31.Nd2 Bd7 32.Nb1 Kd6 33.Nc3 Kc6 34.f4 Bb8 35.Kf2 Kb6 36.f5 exf5 37.Nxd5+ Ka6
38.gxf5 Bxf5 39.Bf1 Bd7 40.Nc3 f5 41.Nxa4 Be8 42.Bd3 g6 43.Nc3 Kb6 44.Nd5+ Kc6
45.e4 fxe4 46.Bxe4 Kd6 47.Nc3 Kc7 48.Bd3 Kb6 49.Nd5+ Kc6 50.Ne7+ Kd6 51.Ng8 Ke6
52.Nxh6 Kd5 53.Ke3 Bxg3 54.Ng4 Bh4 55.Be2 Bg5+ 56.Kd3 Kd6 57.Kc2 Kd5 58.Kd3 Kd6
59.Kc2 Ke6 60.Ne5 Bf4 61.Bg4+ Kd6 62.Nd3 Be3 63.Kc3 g5 64.Nc5 Bc6 65.Bd1 Bc1
66.a4 bxa4 67.Nxa4 g4 68.Bxg4 Bxa4 69.Kc4  1/2-1/2

[Event "Budapest FS12 GM"]
[Site "Budapest"]
[Date "1993.??.??"]
[Round "1"]
[White "Loginov, Valery A"]
[Black "Gonzalez Garcia, Jose"]
[Result "1/2-1/2"]
[WhiteElo "2505"]
[BlackElo "2380"]

1.Nf3 d5 2.c4 c6 3.cxd5 cxd5 4.d4 Nf6 5.Nc3 Nc6 6.Bf4 Bf5 7.e3 e6 8.Bd3 Bxd3
9.Qxd3 Bd6 10.Bxd6 Qxd6 11.O-O O-O 12.Rfc1 Rfc8 13.Ne2  1/2-1/2

[Event "Budapest FS07 GM"]
[Site "Budapest"]
[Date "1993.??.??"]
[Round "1"]
[White "Gross, Stefan"]
[Black "Lukacs, Peter"]
[Result "1/2-1/2"]
[WhiteElo "2330"]
[BlackElo "2485"]

1.Nf3 d5 2.c4 e6 3.g3 dxc4 4.Qa4+ Nd7 5.Qxc4 b6 6.Bg2 Bb7 7.O-O Ngf6 8.d3 c5
9.b3 Be7 10.Bb2 O-O 11.Nbd2 Rc8 12.Rac1 Rc7 13.Ne5 Bxg2 14.Kxg2 Nxe5  1/2-1/2

[Event "Budapest FS04 IM"]
[Site "Budapest"]
[Date "1993.??.??"]
[Round "1"]
[White "Vadasz, Laszlo"]
[Black "Dambrauskas, Virginijus"]
[Result "1-0"]
[WhiteElo "2360"]
[BlackElo "2395"]

1.Nf3 d5 2.c4 c6 3.cxd5 cxd5 4.d4 Nc6 5.Nc3 Nf6 6.Bf4 Nh5 7.Bg5 h6 8.Bh4 g5
9.Bg3 Nxg3 10.hxg3 g4 11.Ne5 Nxe5 12.dxe5 d4 13.Qa4+ b5 14.Nxb5 Bd7 15.Qa6 e6
16.Nd6+ Bxd6 17.Qxd6 Qa5+ 18.b4 Qa3 19.Qxd4 Ba4 20.e4 O-O 21.Be2 Rfd8 22.Qe3 Qxb4+
23.Kf1 Qd4 24.Qxd4 Rxd4 25.Rh4 Rb8 26.Rxg4+ Kf8 27.Rf4 Bb5 28.Bxb5 Rxb5 29.Rc1 Rb2
30.a3 Ra2 31.Kg1 Rd7 32.Rg4 Ke7 33.Rg8 Rxa3 34.Rcc8 Ra1+ 35.Kh2 Rdd1 36.g4 Kd7
37.Kg3 a5 38.f3 a4 39.Kf4 a3 40.g5 h5 41.g6 fxg6 42.Kg5 Rac1 43.Rgd8+ Ke7
44.Rxc1 Rxc1 45.Ra8 Rg1 46.Ra7+ Kd8 47.Kxg6 Rxg2+ 48.Kxh5 a2 49.f4 Ke8 50.f5 Re2
51.f6 Rxe4 52.Rxa2 Rxe5+ 53.Kg6 Kd7 54.f7 Rf5 55.Ra8 Ke7 56.Re8+ Kd6 57.f8=Q+  1-0

[Event "Budapest FS12 IM-B"]
[Site "Budapest"]
[Date "1993.??.??"]
[Round "2"]
[White "Farago, Sandor"]
[Black "Roos, Jean Luc"]
[Result "1-0"]
[WhiteElo "2375"]
[BlackElo "2375"]

1.Nf3 d5 2.c4 e6 3.b3 Nf6 4.Bb2 Be7 5.g3 O-O 6.Bg2 a5 7.O-O Nbd7 8.Nc3 Nb6
9.d3 a4 10.Rc1 axb3 11.axb3 Bb4 12.Qc2 Qe7 13.e4 dxe4 14.dxe4 Nfd7 15.e5 Nc5
16.Nb5 Na6 17.h4 h6 18.Rfd1 Bc5 19.Nd2 Nb4 20.Qb1 Na2 21.Rc2 Nb4 22.Rc3 c6
23.Nd6 Bd4 24.Rf3 Bxb2 25.Qxb2 f5 26.Qc3 c5 27.Qe3 Nd7 28.Qc3 Ra2 29.Re3 Nc2
30.Rd3 Nd4 31.Rxd4 cxd4 32.Qxd4 Nb8 33.b4 Qc7 34.c5 Nc6 35.Qc3 Ra4 36.Rb1 Bd7
37.N2c4 Nd8 38.Nb6 Ra6 39.Qe3 Bc6 40.b5 Bxg2 41.bxa6  1-0

[Event "Budapest FS06 IM"]
[Site "Budapest"]
[Date "1993.??.??"]
[Round "2"]
[White "Plesec, Damjan"]
[Black "Dovzik, Juri"]
[Result "0-1"]
[WhiteElo "2375"]
[BlackElo "2345"]

1.Nf3 d5 2.c4 e6 3.g3 Nf6 4.Bg2 Be7 5.O-O O-O 6.b3 c5 7.Bb2 d4 8.e3 Nc6 9.exd4 cxd4
10.Re1 Qb6 11.Ne5 Rd8 12.d3 Nxe5 13.Rxe5 Bd7 14.Qc1 Bc6 15.Ba3 Bxa3 16.Nxa3 Bxg2
17.Kxg2 Qc6+ 18.Kg1 Nd7 19.Re1 f6 20.f4 e5 21.Qd2 exf4 22.gxf4 Nc5 23.b4 Ne6
24.Re4 g5 25.fxg5 Nxg5 26.Qg2 Kh8 27.Re7 Qd6 28.Rae1 Rg8 29.Kh1 Qxb4 30.Nb5 Qc5
31.h4 Ne6 32.Qxb7 Qf5 33.Rxh7+ Qxh7 34.Qxh7+ Kxh7 35.Rxe6 Rg3 36.Nxd4 Rxd3
37.Nb3 Kg6 38.c5 Rad8 39.Kg2 Rc3 40.Ra6 Rdd3 41.Kf2 Rc2+ 42.Ke1 Rh3 43.Kd1 Rg2  0-1

[Event "Budapest FS11 GM+"]
[Site "Budapest"]
[Date "1993.??.??"]
[Round "2"]
[White "Stajcic, Nikola"]
[Black "Nemeth, Zoltan"]
[Result "1/2-1/2"]
[WhiteElo "2350"]
[BlackElo "2415"]

1.Nf3 d5 2.c4 e6 3.g3 c6 4.b3 Nf6 5.Bg2 Be7 6.O-O b6 7.Bb2 Bb7 8.d4 Nbd7
9.Nbd2 O-O 10.Qc2 Qc7 11.Rfd1 Rac8 12.e4 Nxe4 13.Nxe4 dxe4 14.Qxe4 c5 15.Qe2 Bf6
16.dxc5 bxc5 17.Bxf6  1/2-1/2

[Event "Budapest FS07 GM"]
[Site "Budapest"]
[Date "1993.??.??"]
[Round "3"]
[White "Vadasz, Laszlo"]
[Black "Lengyel, Bela"]
[Result "1/2-1/2"]
[WhiteElo "2400"]
[BlackElo "2420"]

1.Nf3 d5 2.c4 e6 3.g3 Nf6 4.Bg2 Be7 5.O-O O-O 6.d4 dxc4 7.Qc2 a6 8.Qxc4 b5
9.Qc2 Bb7 10.Bf4 Nd5 11.Nc3 Nxf4 12.gxf4 Nd7 13.Ne4  1/2-1/2

[Event "Budapest FS10 IM-A"]
[Site "Budapest"]
[Date "1993.??.??"]
[Round "3"]
[White "Kecskes, Gabor"]
[Black "Vajda, Albert"]
[Result "0-1"]
[WhiteElo "2220"]
[BlackElo "2180"]

1.Nf3 d5 2.c4 e6 3.d4 c5 4.cxd5 exd5 5.Nc3 Nc6 6.g3 Nf6 7.Bg2 Be7 8.O-O O-O
9.Bg5 c4 10.Ne5 Be6 11.Nxc4 dxc4 12.Bxf6 Bxf6 13.d5 Qb6 14.Na4 Qb5 15.dxe6 Rad8
16.Qc2 Nd4 17.Qe4 Qxa4 18.e7 Bxe7 19.Qxe7 Rfe8 20.Qh4 Nxe2+ 21.Kh1 Rd4 22.Qg5 Qb4
23.Rab1 b6 24.Bf3 Rd2 25.a3 Qb3 26.Kg2 Rxb2 27.Rxb2 Qxb2 28.Re1 h6 29.Qf5 g6  0-1

[Event "Budapest FS05 IM"]
[Site "Budapest"]
[Date "1993.??.??"]
[Round "4"]
[White "Fancsy, Imre"]
[Black "Svensson, Leif"]
[Result "1-0"]
[WhiteElo "2300"]
[BlackElo "2305"]

1.Nf3 d5 2.c4 e6 3.g3 Nf6 4.Bg2 Be7 5.O-O O-O 6.d4 c5 7.cxd5 Nxd5 8.dxc5 Bxc5
9.Qc2 Be7 10.Rd1 Qa5 11.a3 Bd7 12.e4 Rc8 13.Qe2 Bb5 14.Qd2 Qxd2 15.Bxd2 Ba4
16.Re1 Nf6 17.Nc3 Be8 18.b3 Nc6 19.a4 Nb4 20.Red1 Nd7 21.Bf1 a6 22.Bc4 h6
23.Rac1 Nc5 24.Bf4 Rd8 25.Nd4 Rac8 26.Kf1 g5 27.Be3 Bf6 28.Ke2 Nc6 29.Nxc6 Rxd1
30.Nxd1 Rxc6 31.f3 Kf8 32.Bd5 exd5 33.Bxc5+ Be7 34.Bxe7+ Kxe7 35.Rxc6 Bxc6
36.Kd3 Ke6 37.Ne3 dxe4+ 38.fxe4 f6 39.Kd4 h5 40.Nf5  1-0

[Event "Budapest FS03 GM"]
[Site "Budapest"]
[Date "1993.??.??"]
[Round "5"]
[White "Farago, Sandor"]
[Black "Lukacs, Peter"]
[Result "0-1"]
[WhiteElo "2340"]
[BlackElo "2480"]

1.Nf3 d5 2.c4 e6 3.g3 dxc4 4.Qa4+ Nd7 5.Qxc4 b6 6.Bg2 Bb7 7.O-O Ngf6 8.Nc3 c5
9.e4 Rc8 10.Re1 Ng4 11.Qa4 Bc6 12.Qd1 Nge5 13.d4 Nxf3+ 14.Bxf3 cxd4 15.Qxd4 Qf6
16.Qxf6 gxf6 17.Bg2 Bb4 18.Bh6 Ke7 19.Rac1 Ne5 20.a3 Bc5 21.Re2 Rhd8 22.h3 Bb7
23.b4 Bd4 24.Nb5 Rxc1+ 25.Bxc1 Ba1 26.Rc2 a6 27.Na7 Bd4 28.b5 Bc5 29.a4 a5
30.Be3 Rd1+ 31.Kh2 Bxe3 32.fxe3 Kd7 33.Rf2 Ke7 34.Rc2 Kd6 35.Rf2 Ra1 36.Rxf6 Rxa4
37.Rf2 Kc7 38.g4 Kb8 39.Nc6+ Bxc6 40.bxc6 b5 41.Bf1 b4 42.Bb5 Ra3 43.Kg3 Kc7
44.Kf4 Nd3+ 45.Bxd3 Rxd3 46.Ke5 b3  0-1

[Event "Budapest FS05 GM"]
[Site "Budapest"]
[Date "1993.??.??"]
[Round "5"]
[White "Gross, Stefan"]
[Black "Tolnai, Tibor"]
[Result "1/2-1/2"]
[WhiteElo "2325"]
[BlackElo "2500"]

1.Nf3 d5 2.c4 dxc4 3.Qa4+ Nd7 4.Qxc4 a6 5.d4 e6 6.Bg5 Ngf6 7.Nc3 b5 8.Qd3 Bb7
9.e3 c5 10.Be2 Rc8 11.O-O Qb6 12.a4 c4 13.Qd1 h6 14.Bxf6 gxf6 15.axb5 axb5
16.b3  1/2-1/2

[Event "Budapest FS09 GM"]
[Site "Budapest"]
[Date "1993.??.??"]
[Round "7"]
[White "Shabtai, Ran"]
[Black "Rabiega, Robert"]
[Result "1-0"]
[WhiteElo "2350"]
[BlackElo "2455"]

1.Nf3 d5 2.c4 e6 3.d4 Nf6 4.Nc3 dxc4 5.e4 Bb4 6.Bg5 c5 7.Bxc4 cxd4 8.Nxd4 Bxc3+
9.bxc3 Qa5 10.Bxf6 Qxc3+ 11.Kf1 gxf6 12.Rc1 Qb4 13.Bxe6 Nc6 14.Nxc6 bxc6
15.Bxc8 Rxc8 16.Qb3 Qa5 17.h4 O-O 18.Rh3 Rfe8 19.Rg3+ Kf8 20.Rc4 Qh5 21.Kg1 Red8
22.Rd3 c5 23.Qc3 Ke7 24.Ra4 Rxd3 25.Qxd3 Rc7 26.Qa3 Qd1+ 27.Kh2 Qd6+ 28.g3 c4
29.Qc3 Qe5 30.Qc2 c3 31.Rb4 Rd7 32.Rc4 Rd2 33.Qxc3 Rxf2+ 34.Kh3 Qe6+ 35.g4 Kf8
36.Ra4 Rf4 37.Qg3 Rxe4 38.Rxe4 Qxe4 39.Qb8+ Kg7 40.Qxa7 Qf3+ 41.Kh2 Qxg4
42.Qg1  1-0

[Event "Spring op"]
[Site "Budapest"]
[Date "1993.??.??"]
[Round "7"]
[White "Farago, Sandor"]
[Black "Burmakin, Vladimir"]
[Result "1-0"]
[WhiteElo "2340"]
[BlackElo "2470"]

1.Nf3 d5 2.c4 c6 3.b3 Nf6 4.g3 g6 5.Bb2 Bg7 6.Bg2 O-O 7.O-O Bg4 8.h3 Bxf3
9.Bxf3 Re8 10.d3 e5 11.Bg2 Na6 12.cxd5 Nxd5 13.Nd2 e4 14.Bxg7 exd3 15.e4 Ne3
16.fxe3 Kxg7 17.Qf3 f6 18.Rf2 Nc5 19.Raf1 Nd7 20.g4 Rf8 21.Qg3 Qb8 22.Qxb8 Raxb8
23.Rc1 Rfd8 24.Nf3 Re8 25.Rd2 Rxe4 26.Rxd3 Re7 27.e4 Rbe8 28.Rd6 Nf8 29.Nd2 Ne6
30.Rf1 Rf8 31.Kh2 Rff7 32.b4 c5 33.bxc5 Nxc5 34.Rd5 b6 35.h4 Na4 36.Rc1 Nc5
37.g5 fxg5 38.hxg5 Ne6 39.Re1 Rf2 40.Kg3 Rf8 41.Re5 Rd8 42.Nf3 Rd3 43.Kg4 Rd6
44.Rc1 Red7 45.Rc8 Nc7 46.a4 Rf7 47.Bf1 Rc6 48.Ree8 Nxe8 49.Rxc6 Re7 50.e5 Rc7
51.Rxc7+ Nxc7 52.Bc4 a6 53.Nd4 b5 54.axb5 axb5 55.Nxb5 Na6 56.e6 Kf8 57.Kf4  1-0

[Event "Budapest FS10 GM"]
[Site "Budapest"]
[Date "1993.??.??"]
[Round "8"]
[White "Grivas, Efstratios"]
[Black "Sadler, Matthew"]
[Result "1/2-1/2"]
[WhiteElo "2505"]
[BlackElo "2535"]

1.Nf3 d5 2.c4 d4 3.g3 Nc6 4.Bg2 g6 5.O-O Bg7 6.d3 e5 7.Na3 Nge7 8.Nc2 a5
9.Rb1 Bd7 10.b3 O-O 11.a3 Qc8 12.Re1 Bh3 13.Bh1 h6 14.b4 axb4 15.axb4 Re8
16.b5 Nd8 17.e3 Ne6 18.exd4 exd4  1/2-1/2

[Event "Budapest FS05 IM"]
[Site "Budapest"]
[Date "1993.??.??"]
[Round "8"]
[White "Fancsy, Imre"]
[Black "Lehmann, Zoltan"]
[Result "1/2-1/2"]
[WhiteElo "2300"]
[BlackElo "2215"]

1.Nf3 d5 2.c4 dxc4 3.Na3 c5 4.Nxc4 Nc6 5.g3 Nf6 6.Bg2 e6 7.b3 Be7 8.Bb2 O-O
9.O-O Nd5 10.d4 Bf6 11.dxc5 Bxb2 12.Nxb2 Qe7 13.Qc2 e5 14.Rfd1 Nc7 15.e3 Be6
16.a3 Rac8 17.Nd2 Bg4 18.Rdc1 Ne6 19.b4 b6 20.Bxc6 Rxc6 21.Qe4 Qd7 22.Qxg4 Qxd2
23.Nc4 Qd5 24.Rd1 Nd4 25.exd4 Qxc4 26.Rac1 Qa2 27.dxe5 Qxa3 28.Qd7 Rcc8 29.c6 h6
30.c7 Qxb4 31.Qxc8 Rxc8 32.Rd8+ Qf8 33.Rxf8+ Kxf8 34.f4 Ke7 35.Kf2 Kd7 36.Rd1+ Kxc7
37.Rd2 b5 38.Ke3 Kb6 39.Rd6+ Kc7 40.Rd5 a6 41.f5 Rd8 42.Rc5+ Kb6 43.Rc1 b4
44.Ke4 Rd2 45.e6  1/2-1/2

[Event "Budapest FS11 GM"]
[Site "Budapest"]
[Date "1993.??.??"]
[Round "9"]
[White "Teplitsky, Yan"]
[Black "Loginov, Valery A"]
[Result "0-1"]
[WhiteElo "2345"]
[BlackElo "2505"]

1.Nf3 d5 2.c4 d4 3.g3 f6 4.Bg2 e5 5.d3 Bb4+ 6.Nfd2 Be7 7.b4 Nh6 8.a3 Nf7
9.Nb3 c6 10.e3 dxe3 11.Bxe3 O-O 12.O-O f5 13.f4 Nd7 14.Ra2 Nf6 15.h3 Re8
16.fxe5 Nxe5 17.Bd4 Ng6 18.Re2 Bd7 19.Nc3 Qc7 20.Rf3 Nh5 21.Bf2 Bd6 22.Rxe8+ Rxe8
23.Ne2 f4 24.g4 Nf6 25.c5 Bf8 26.Qd2 Be6 27.Nbd4 Bd5 28.Rxf4 Nxf4 29.Nxf4 Bxg2
30.Kxg2 Qf7 31.Kg3 g6 32.Nf3 Bg7 33.Bd4 Nd5 34.Bxg7 Qxf4+ 35.Qxf4 Nxf4 36.Kxf4 Kxg7
37.Ne5 Kf6 38.Nc4 g5+ 39.Kf3 Re1 40.Na5 Ke5 41.Nxb7 Rh1 42.Kg2 Rd1 43.Nd8 Rd2+
44.Kg1 Kd5 45.Nf7 Rxd3 46.Nxg5 h6 47.Nf7 Rxh3 48.Kg2 Rxa3 49.Nxh6 Rb3 50.g5 Rxb4
51.g6 a5 52.g7 Rb8 53.g8=Q+ Rxg8+ 54.Nxg8 a4 55.Ne7+ Kxc5  0-1

[Event "Budapest FS12 GM"]
[Site "Budapest"]
[Date "1993.??.??"]
[Round "11"]
[White "Landenbergue, Claude"]
[Black "Lengyel, Bela"]
[Result "1-0"]
[WhiteElo "2405"]
[BlackElo "2420"]

1.Nf3 d5 2.c4 c6 3.e3 Nf6 4.Nc3 Bg4 5.cxd5 cxd5 6.Qb3 Bc8 7.d4 Nc6 8.Ne5 e6
9.f4 Be7 10.Bd3 Nd7 11.O-O O-O 12.Bd2 Ndxe5 13.fxe5 g6 14.Rf3 Qb6 15.Qd1 Bd7
16.Rb1 f5 17.exf6 Rxf6 18.Rxf6 Bxf6 19.Qg4 Ne7 20.Be1 Bg7 21.Qg5 Nf5 22.Bxf5 gxf5
23.Bg3 Qd8 24.Qf4 Bf6 25.h3 Rc8 26.Qf3 Qe7 27.Bf4 Kh8 28.Kh2 b5 29.Ne2 b4
30.Rc1 Rxc1 31.Nxc1 Bb5 32.Qg3 Qg7 33.Qe1 a5 34.Qd2 Bc4 35.b3 Bb5 36.Nd3 h5
37.Ne5 Kg8 38.Qc1 Qb7 39.Qd1 Be8 40.Qc2 Be7 41.Qf2 Bd8 42.Nd3 h4 43.Be5 Bg5
44.Bf4 Bf6 45.Ne5 Bh5 46.Qc2 Be8 47.Qc5 Bb5 48.Qd6 Qe7 49.Qb6 Bf1 50.Kg1 Bxe5
51.Bxe5 Bd3 52.Qxa5 Be4 53.Qa8+ Kf7 54.Bf4 Kg7 55.Qb8 Kh7 56.Qb5 Kg6 57.Kh2 Kh7
58.Qa6 Qg7 59.Qe2 Qg6 60.Qf2 Qf6 61.Bd6 Qd8 62.Qf4 Bb1 63.a3 bxa3 64.Bxa3 Bc2
65.b4 Bd3 66.Bc1 Kg6 67.Bd2 Qg5 68.Qf3 Qh5 69.Qf2 Qe2 70.Qxe2 Bxe2 71.g3 Kf6
72.Bc3 f4 73.exf4 Kf5 74.gxh4 Kxf4 75.h5  1-0

[Event "Statistika"]
[Site "Budapest"]
[Date "1993.??.??"]
[Round "11"]
[White "Fancsy, Imre"]
[Black "Roos, Jean Luc"]
[Result "1-0"]
[WhiteElo "2300"]
[BlackElo "2355"]

1.Nf3 d5 2.c4 e6 3.g3 Nf6 4.Bg2 Be7 5.O-O O-O 6.d4 c6 7.Qc2 Ne4 8.b3 f5 9.Ba3 Nd7
10.Bxe7 Qxe7 11.Nbd2 Rf6 12.Ne5 Rh6 13.Ndf3 Ndf6 14.Rab1 Bd7 15.b4 Be8 16.a4 Rc8
17.cxd5 Nxd5 18.Qb3 a6 19.Rfc1 Rd8 20.e3 g5 21.Rb2 g4 22.Nh4 Nd6 23.Bf1 Rh5
24.Rcb1 Qg7 25.Nc4 Ne4 26.Ne5 Ng5 27.Kh1 Qf6 28.b5 axb5 29.axb5 Ne4 30.bxc6 bxc6
31.Qc2 Rxh4 32.gxh4 Qxh4 33.Kg1 Ng5 34.Bg2 f4 35.exf4 Nxf4 36.Qc3 Ngh3+ 37.Bxh3 Nxh3+
38.Kg2 Nf4+ 39.Kh1 Bh5 40.Qg3 Qxg3 41.hxg3 Nh3 42.Rb8 Rxb8 43.Rxb8+ Kg7 44.Kg2 Ng5
45.Rc8 Kf6 46.Rxc6 Kf5 47.Rc8 Ke4 48.Rg8 h6 49.Rd8 Nh7 50.Rh8 Kxd4 51.Nc6+ Kc5
52.Rxh7 Bg6 53.Rxh6 Be4+ 54.Kf1 Bxc6 55.Rxe6 Bb5+ 56.Ke1 Kd5 57.Re7 Kd6 58.Re4 Bd7
59.Kd2 Bf5 60.Ke3  1-0

[Event "Budapest FS04 IM"]
[Site "Budapest"]
[Date "1993.??.??"]
[Round "12"]
[White "Farago, Sandor"]
[Black "Fancsy, Imre"]
[Result "0-1"]
[WhiteElo "2340"]
[BlackElo "2300"]

1.Nf3 d5 2.c4 e6 3.b3 Nf6 4.Bb2 Be7 5.g3 c6 6.Bg2 b5 7.O-O O-O 8.Qc2 a5 9.d3 Qb6
10.Nbd2 Na6 11.e4 Rd8 12.Rad1 a4 13.Bd4 Qa5 14.Rfe1 Nb4 15.Qb1 axb3 16.axb3 Qa2
17.Bb6 Re8 18.exd5 cxd5 19.Ne5 Nd7 20.Nxd7 Bxd7 21.Nf3 Qxb1 22.Rxb1 Nxd3
23.Re3 bxc4 24.bxc4 dxc4 25.Ne5 Nxe5 26.Bxa8 Ng4 27.Re4 Nf6 28.Rxc4 Rxa8
29.Bd4 Nd5 30.Rb7 Be8 31.Be5 f6 32.Bb8 Ra1+ 33.Kg2 Ra6 34.Rc8 Kf7 35.Kh3 Bc6
36.Ra7 Rxa7 37.Bxa7 Bd7 38.Rb8 Ba4 39.f4 Bc2 40.Rb7 Be4 41.Rb5 h5 42.Bc5 Bxc5
43.Rxc5 Ne3 44.Rc3 Bg2+ 45.Kh4 Nd5 46.Ra3 Kg6 47.Ra6 Ne3 48.g4 Nxg4 49.Rxe6 Nh6
50.Kg3 Bd5 51.Ra6 Nf5+ 52.Kf2 Be4 53.Ra4 Bc6 54.Ra6 Ne7 55.Ra7 Kf7 56.Ra5 g6
57.Rc5 Ke6 58.Ra5 Kd6 59.Ra1 Nd5 60.Kg3 Bd7 61.Re1 Bc6 62.Rc1 Ne7 63.Re1 Nf5+
64.Kf2 Kd5 65.Rg1 Be8 66.Rd1+ Ke6 67.Re1+ Kf7 68.Re2 Bc6 69.Re1 Nd6 70.Rc1 Bd5
71.Ra1 Ke6 72.Ra6 Bb7 73.Rb6 Kd5 74.Kg3 Bc6 75.Kf2 Bd7 76.Kg3 Bg4 77.Kf2 g5
78.fxg5 fxg5 79.Ra6 Ke5 80.Ke3 Be6 81.Ra5+ Bd5 82.Kf2 Nf5 83.Ra4 Be4 84.Ra5+ Kf4
85.Ra4 Nh6 86.Rb4 Ng4+ 87.Kg1 Ne5 88.Rb8 h4 89.Rf8+ Kg4 90.Re8 Nf3+ 91.Kf2 Bf5
92.h3+ Kf4 93.Rf8 Ne5 94.Kg2 Ng6 95.Rf7 Ke5 96.Kh2 Nf4 97.Re7+ Kf6 98.Re3 Bxh3
99.Ra3 Be6 100.Rc3 g4 101.Ra3 Bd7 102.Rc3 Be6 103.Ra3 Nh5 104.Ra5 Bf5 105.Ra3 Kg5
106.Ra5 Kf4 107.Ra4+ Be4 108.Rb4 Ng7 109.Ra4 Ne6 110.Ra6 Ng5 111.Rf6+ Ke3
112.Rh6 g3+ 113.Kg1 h3 114.Rh5 Nf3+  0-1

[Event "Budapest FS06 GM"]
[Site "Budapest"]
[Date "1993.??.??"]
[Round "12"]
[White "Tseitlin, Mikhail S"]
[Black "Varga, Zoltan"]
[Result "1/2-1/2"]
[WhiteElo "2485"]
[BlackElo "2450"]

1.Nf3 d5 2.c4 d4 3.b4 c5 4.e3 dxe3 5.fxe3 cxb4 6.d4 Nf6 7.Bd3 Bg4 8.Qa4+ Qd7
9.Qxb4 e5 10.Qb2 Bxf3 11.gxf3 exd4 12.exd4 Nc6 13.d5 Nb4 14.Qe5+ Be7 15.Bf5 Qd8
16.a3 Na6 17.O-O O-O 18.Ra2  1/2-1/2

[Event "Buenos Aires Najdorf op"]
[Site "Buenos Aires"]
[Date "1993.??.??"]
[Round "5"]
[White "Hoffman, Alejandro"]
[Black "Bertona, Fernando"]
[Result "1/2-1/2"]
[WhiteElo "2450"]
[BlackElo "2320"]

1.Nf3 d5 2.c4 e6 3.g3 Nf6 4.Bg2 Nbd7 5.O-O c6 6.Qc2 b6 7.d4 Bb7 8.Rd1 c5
9.cxd5 Nxd5 10.dxc5 Bxc5 11.Nc3 Nxc3 12.Qxc3 Qf6 13.Qe1 Qe7 14.a3 a5 15.Bd2 O-O
16.b4 axb4 17.axb4 Bd6 18.Bc3 Rxa1 19.Rxa1 Nf6 20.b5 Ra8 21.Rxa8+ Bxa8 22.Qa1 Bd5
23.Nd4 Ne4 24.Bxe4 Bxe4 25.Nc6 Bxc6 26.bxc6 f6 27.e3 Kf7 28.Qa6 Qc7 29.Qb5 Bc5
30.Ba5 Qd8 31.Qb1 Qc7 32.Qb5 Qd8 33.Be1 Ke7 34.Kg2 Qd5+ 35.Kf1 Kd6 36.h4 g6
37.Ke2 Qxc6 38.Qd3+ Qd5 39.Qa6 Kc7 40.Qa7+ Qb7 41.Qa1 e5 42.Qa2 Kd6 43.Qg8 Qd7
44.Qf8+ Ke6 45.Qg8+ Qf7 46.Qc8+ Ke7 47.Bd2 Qe8 48.Qb7+ Qd7 49.Qa8 Kf7 50.e4 Kg7
51.f3 Be7 52.g4 Qb5+ 53.Ke1 Qc5 54.Qb7 Kf7 55.g5 Qg1+ 56.Ke2 Qg2+ 57.Ke3 Qg1+
58.Ke2 Qh2+ 59.Kd3 Qh3 60.Ke2 Qe6 61.gxf6 Kxf6 62.Bg5+ Kf7 63.Kf2 Kf8 64.Qb8+ Kg7
65.Qb7 Kf8  1/2-1/2

[Event "Buenos Aires Najdorf op"]
[Site "Buenos Aires"]
[Date "1993.??.??"]
[Round "5"]
[White "Szmetan, Jorge"]
[Black "Juarez, Alberto"]
[Result "1-0"]
[WhiteElo "2420"]
[BlackElo "2280"]

1.Nf3 d5 2.c4 e6 3.b3 c5 4.g3 Nc6 5.Bg2 Nf6 6.O-O Be7 7.e3 O-O 8.Qe2 b6 9.Bb2 Bb7
10.Nc3 d4 11.exd4 Nxd4 12.Nxd4 Bxg2 13.Kxg2 Qxd4 14.Rad1 Rfd8 15.d3 Qg4 16.f4 Qxe2+
17.Nxe2 Rd7 18.d4 Rad8 19.Rf3 cxd4 20.Rfd3 Bc5 21.Kf3 Ne8 22.Bxd4 Bxd4 23.Rxd4 Rxd4
24.Rxd4 Rxd4 25.Nxd4 Nd6 26.Nc6 Nc8 27.Ke4 Kf8 28.Kd4 Ke8 29.c5 bxc5+ 30.Kxc5 f6
31.b4 Kd7 32.b5 Kc7 33.a4 Nb6 34.a5 Nd7+ 35.Kc4 a6 36.Nd4 axb5+ 37.Kxb5 Nf8
38.Nb3 e5 39.fxe5 fxe5 40.Nc5 Ng6 41.a6 Kb8 42.Kb6 Nf8 43.a7+ Ka8 44.h4 g6
45.Ka6 h6 46.Kb6 g5 47.h5 g4 48.Kc6 e4 49.Nxe4 Ne6 50.Kb6 Nf8 51.Nd6 Nd7+
52.Kc7 Nf6 53.Nb5 Nd5+ 54.Kd6 Ne3 55.Ke5 Nf1 56.Kf4 Nh2 57.Nd4 Kxa7 58.Nf5  1-0

[Event "Calcutta op"]
[Site "Calcutta"]
[Date "1993.??.??"]
[Round "4"]
[White "Hegde, Ravi Gopal"]
[Black "Dongre, Ravindra Malidh"]
[Result "1/2-1/2"]
[WhiteElo "2355"]
[BlackElo "2200"]

1.Nf3 d5 2.c4 e6 3.g3 c5 4.Bg2 Nc6 5.O-O Nf6 6.Na3 Be7 7.d3 O-O 8.Bf4 a6
9.Rc1 Re8 10.b3 Bf8 11.Nc2 h6 12.Bd2 e5 13.cxd5 Nxd5 14.Ne3 Be6 15.Nc4 Qc7
16.a3 Rad8 17.b4 b5 18.Nb2 cxb4 19.axb4 Bxb4 20.Qc2 Rc8 21.e4 Bxd2 22.Qxd2 Nb6
23.Qe3 Qb7 24.Rc5 Nd7 25.Rc2 Qb6 26.Rfc1 Qxe3 27.fxe3 Ne7 28.d4 Bb3 29.Rc7 exd4
30.exd4 Nb6 31.Nd2 Nc4 32.Rxc8 Rxc8 33.Bh3 Rc6 34.d5 Rd6 35.Ndxc4 bxc4 36.Nxc4 Bxc4
37.Rxc4 f5 38.Rc7 Kf8 39.exf5  1/2-1/2

[Event "Cappelle op"]
[Site "Cappelle la Grande"]
[Date "1993.??.??"]
[Round "2"]
[White "Todorov, Ognjan"]
[Black "Solozhenkin, Evgeniy"]
[Result "0-1"]
[WhiteElo "2370"]
[BlackElo "2480"]

1.Nf3 d5 2.c4 c6 3.d4 Nf6 4.e3 Bf5 5.cxd5 cxd5 6.Qb3 Qc7 7.Bb5+ Nc6 8.Bd2 e6
9.Bb4 Bxb4+ 10.Qxb4 Nd7 11.Qd2 Bg4 12.Nc3 O-O 13.Rc1 Rac8 14.Na4 Qd6 15.O-O Bxf3
16.gxf3 e5 17.Bxc6 Rxc6 18.Kh1 Qf6 19.Rxc6 Qxf3+ 20.Kg1 bxc6 21.Rc1 Nf6 22.Rxc6 Ne4
23.Qc2 exd4 24.exd4 Ng5 25.Rc3 Nh3+ 26.Kf1 Qh1+ 27.Ke2 Ng1+  0-1

[Event "Catania op"]
[Site "Catania"]
[Date "1993.??.??"]
[Round "?"]
[White "Lanzani, Mario"]
[Black "Bykhovsky, Avigdor"]
[Result "0-1"]
[WhiteElo "2295"]
[BlackElo "2520"]

1.Nf3 d5 2.c4 e6 3.d4 c6 4.Nc3 dxc4 5.e3 b5 6.a4 Bb4 7.Bd2 a5 8.axb5 Bxc3
9.Bxc3 cxb5 10.b3 Bb7 11.bxc4 b4 12.Bb2 Nf6 13.Bd3 O-O 14.O-O Nbd7 15.Qc2 Qc7
16.h3 h6 17.e4 e5 18.c5 exd4 19.Bxd4 Rfe8 20.Rfe1 Bc6 21.e5 Nd5 22.e6 Rxe6
23.Rxe6 fxe6 24.Bh7+ Kh8 25.Bxg7+ Kxg7 26.Qg6+ Kh8 27.Qxh6 Nf8 28.Bf5+ Nh7
29.Bxh7 Qxh7 30.Qxe6 Ne7 31.Ne5 Bd5 32.Qxe7 Qxe7 33.Ng6+ Kg7 34.Nxe7 Be4
35.f3 Kf7 36.Nc8 Rxc8 37.Rxa5 Bc6  0-1